书目信息 |
| 题名: |
汽车车载网络技术详解
|
|
| 作者: | 刘春晖,刘宝君 主编 | |
| 分册: | ||
| 出版信息: | 北京 机械工业出版社 2015.1 |
|
| 页数: | 327页 | |
| 开本: | 26CM | |
| 丛书名: | ||
| 单 册: | ||
| 中图分类: | U463.67 | |
| 科图分类: | ||
| 主题词: | ||
| 电子资源: | ||
| ISBN: | 978-7-111-48677-0 | |
| 000 | 00760nam0 2200181 450 | |
| 001 | 704 | |
| 005 | 20161101094554.18 | |
| 010 | @a978-7-111-48677-0@dRMB49.9 | |
| 101 | @achi | |
| 200 | @a汽车车载网络技术详解@f刘春晖,刘宝君主编 | |
| 205 | @a2 | |
| 210 | @a北京@c机械工业出版社@d2015.1 | |
| 215 | @a327页@d26CM | |
| 330 | @a本书主要介绍了车载网络系统基础知识、CAN总线传输系统、常用车载网络系统的结构与原理、光学总线系统、以太网与FlexRay总线五方面的基础知识。以此为基础重点介绍了丰田车系多路传输系统、奥迪大众车系车载网络系统、通用车系车载网络系统、本田车系多路集成控制系统四大常见车系的车载网络系统,最好一章介绍了车载网络系统的检修。 | |
| 690 | @aU463.67@v4 | |
| 701 | @a刘春晖,刘宝君@4主编 | |
| 801 | 0 | @aCN@b唐山师范学院图书馆@c20160723 |
| 905 | @aZUCC@dU463.67@e303=2 | |
| 汽车车载网络技术详解/刘春晖,刘宝君主编.-2.-北京:机械工业出版社,2015.1 |
| 327页;26CM |
| ISBN 978-7-111-48677-0:RMB49.9 |
| 本书主要介绍了车载网络系统基础知识、CAN总线传输系统、常用车载网络系统的结构与原理、光学总线系统、以太网与FlexRay总线五方面的基础知识。以此为基础重点介绍了丰田车系多路传输系统、奥迪大众车系车载网络系统、通用车系车载网络系统、本田车系多路集成控制系统四大常见车系的车载网络系统,最好一章介绍了车载网络系统的检修。 |
| ● |
| 相关链接 |
|
|
|
|
正题名:汽车车载网络技术详解
索取号:U463.67/303=2
 
预约/预借
| 序号 | 登录号 | 条形码 | 馆藏地/架位号 | 状态 | 备注 |
| 1 | 903072 | 209030724 | 第二样本阅览室/ [索取号:U463.67/303=2] | 在馆 | |
| 2 | 903073 | 209030733 | 第三借阅区/ [索取号:U463.67/303=2] | 在馆 | |
| 3 | 903074 | 209030742 | 第三借阅区/ [索取号:U463.67/303=2] | 在馆 | |
| 4 | 903075 | 209030751 | 第三借阅区/ [索取号:U463.67/303=2] | 在馆 | |
| 5 | 903076 | 209030760 | 密集书库-物理学院/ [索取号:U463.67/303=2] | 在馆 |